[Event "AUTO-ADV-4787"]
[Site "http://www.queenalice.com/game.php?id=1836278"]
[Date "2024.5.4"]
[Round "1"]
[White "pomar"]
[Black "Ricktado"]
[Result "1-0"]
[WhiteElo "1923"]
[BlackElo "1817"]

1. f3 e5 2. Kf2 Bc5+ 3. e3 d5 4. g3 Qf6 5. Bh3 Bf5 6. Bxf5 Qxf5 7. Kg2 e4 8. Nc3
Nf6 9. Nh3 exf3+ 10. Qxf3 Qxc2 11. Nxd5 Nxd5 12. Qxd5 c6 13. Qe5+ Kf8 14. Rf1 f6
15. Qc7 Qe4+ 16. Rf3 g5 17. Nxg5 Be7 18. Nxe4 a5 19. Nxf6 Bxf6 20. Rxf6+ 1-0

[Event "AUTO-OPEN-4526"]
[Site "http://www.queenalice.com/game.php?id=1836407"]
[Date "2024.5.6"]
[Round "1"]
[White "Ricktado"]
[Black "cerenzo72"]
[Result "0-1"]
[WhiteElo "1821"]
[BlackElo "2182"]

1. d4 Nf6 2. d5 e6 3. c4 exd5 4. cxd5 Bb4+ 5. Bd2 Nxd5 6. e4 Qe7 7. f3 O-O 8.
Nc3 Nxc3 9. Bxc3 c6 10. a3 Bxc3+ 11. bxc3 d5 12. Bd3 dxe4 13. Bxe4 f5 14. Qe2
fxe4 15. h4 Qc5 16. Qa2+ Kh8 17. Ne2 exf3 18. gxf3 Qe5 19. O-O-O Qe3+ 20. Kb1
Bf5+ 21. Ka1 Na6 22. Rdf1 Rad8 23. f4 Rd2 24. Rf3 Rxa2+ 25. Kxa2 Qxe2+ 0-1

[Event "AUTO-OPEN-4526"]
[Site "http://www.queenalice.com/game.php?id=1836408"]
[Date "2024.5.6"]
[Round "1"]
[White "cerenzo72"]
[Black "Ricktado"]
[Result "1-0"]
[WhiteElo "2180"]
[BlackElo "1823"]

1. e4 e5 2. Nf3 f6 3. d4 d5 4. Bd3 Bg4 5. c4 dxc4 6. Bxc4 Bxf3 7. Qxf3 Bb4+ 8.
Bd2 Qxd4 9. Bb3 Qxb2 10. Bxb4 Qxa1 11. O-O Qd4 12. Rd1 Qxb4 13. Qd3 Na6 14. Qd7+
Kf8 15. Qf7# 1-0

[Event "AUTO-OPEN-4526"]
[Site "http://www.queenalice.com/game.php?id=1836409"]
[Date "2024.5.6"]
[Round "1"]
[White "Ricktado"]
[Black "Pipo712"]
[Result "0-1"]
[WhiteElo "1660"]
[BlackElo "2056"]

1. d4 d5 2. e3 Nf6 3. c4 e6 4. c5 c6 5. b4 a5 6. Bd2 axb4 7. Bxb4 Nbd7 8. Nc3 b6
9. Na4 bxc5 10. Nxc5 Nxc5 11. Bxc5 Bxc5 12. dxc5 Qa5+ 13. Ke2 Qxc5 14. Ke1 Qc3+
15. Ke2 Ba6+ 16. Kf3 Ne4 0-1

[Event "AUTO-OPEN-4526"]
[Site "http://www.queenalice.com/game.php?id=1836410"]
[Date "2024.5.6"]
[Round "1"]
[White "Pipo712"]
[Black "Ricktado"]
[Result "1-0"]
[WhiteElo "2058"]
[BlackElo "1658"]

1. e4 d5 2. exd5 Qxd5 3. Nc3 Qe6+ 4. Be2 c6 5. d4 Nf6 6. Nf3 Nd5 7. O-O f6 8.
Re1 g5 9. Nxd5 cxd5 10. Bb5+ Bd7 11. Rxe6 Bxb5 12. Qe1 Bd7 13. Re3 g4 14. Nh4
Nc6 15. c3 e5 16. dxe5 1-0

[Event "AUTO-OPEN-4630"]
[Site "http://www.queenalice.com/game.php?id=1866992"]
[Date "2025.12.13"]
[Round "1"]
[White "Ricktado"]
[Black "Fischercat"]
[Result "0-1"]
[WhiteElo "1660"]
[BlackElo "1873"]

1. e4 e5 2. d3 Nc6 3. Nf3 Bc5 4. a3 Nf6 5. b4 Bd4 6. c3 Bb6 7. a4 a5 8. b5 Ne7
9. Nxe5 d6 10. Nc4 O-O 11. h3 d5 12. exd5 Nexd5 13. Ne5 Nd7 14. Nxd7 Bxd7 15.
Qf3 c6 16. c4 Nb4 17. Na3 Qh4 18. g3 Qd4 0-1

[Event "AUTO-OPEN-4630"]
[Site "http://www.queenalice.com/game.php?id=1866993"]
[Date "2025.12.13"]
[Round "1"]
[White "Fischercat"]
[Black "Ricktado"]
[Result "1-0"]
[WhiteElo "1880"]
[BlackElo "1653"]

1. e4 d5 2. exd5 Qxd5 3. Nc3 Qe5+ 4. Be2 a6 5. Nf3 Qf5 6. O-O e6 7. d4 c6 8. Nh4
Qf6 9. Nf3 Qd8 10. Be3 h6 11. Ne5 Nf6 12. Qd3 Nd5 13. Nxd5 exd5 14. Bh5 g6 15.
Bxg6 fxg6 16. Qxg6+ Ke7 17. Qf7+ Kd6 18. Bf4 Be7 19. Qg6+ 1-0

[Event "AUTO-OPEN-4630"]
[Site "http://www.queenalice.com/game.php?id=1866994"]
[Date "2025.12.13"]
[Round "1"]
[White "Ricktado"]
[Black "IranSilva"]
[Result "0-1"]
[WhiteElo "1664"]
[BlackElo "2243"]

1. e4 e5 2. d4 exd4 3. Qxd4 Nc6 4. Qd2 Bc5 5. Bb5 Nge7 6. c3 d6 7. b4 Bb6 8. a4
a6 9. Bxc6+ Nxc6 10. a5 Ba7 11. Nf3 Bg4 12. Ng5 O-O 13. h3 Bd7 14. Qd5 h6 15.
Nf3 Qf6 16. Nbd2 Be6 17. Qd3 Ne5 18. Qe2 Ng6 19. Nb1 Rfe8 20. O-O Re7 21. Be3
Bxe3 22. Qxe3 Bc4 23. Re1 Nf4 24. Nbd2 Bb5 25. Nd4 Bd7 26. Qg3 Rae8 27. Qf3 Qg5
28. g4 h5 29. Nf5 Bxf5 30. exf5 Rxe1+ 31. Rxe1 Rxe1+ 32. Nf1 hxg4 33. hxg4 Nh5
34. Kg2 c6 35. Ne3 Rc1 36. Nd1 Nf6 37. Kg3 Qxg4+ 38. Qxg4 Nxg4 39. Kxg4 Rxd1 40.
c4 Rd4+ 0-1

[Event "AUTO-OPEN-4630"]
[Site "http://www.queenalice.com/game.php?id=1866995"]
[Date "2025.12.13"]
[Round "1"]
[White "IranSilva"]
[Black "Ricktado"]
[Result "1-0"]
[WhiteElo "2227"]
[BlackElo "1662"]

1. Nf3 f6 2. g3 e5 3. d3 d5 4. Bg2 d4 5. O-O Bg4 6. e3 Nc6 7. b3 Bxf3 8. Qxf3
Qd7 9. Bb2 g5 10. exd4 g4 11. Qd5 Qxd5 12. Bxd5 Nb4 13. Bxb7 Rb8 14. c3 Nc2 15.
Bc6+ Kd8 16. dxe5 Nxa1 17. Bxa1 Ne7 18. Ba4 fxe5 19. Re1 Ng6 20. c4 Bd6 21. Re4
h5 22. d4 Rh7 23. dxe5 Re7 24. e6 Kc8 25. Bf6 Rh7 26. Be8 Ne7 27. Nc3 c6 28. Rd4
Kc7 29. Bd7 Nf5 30. Rd3 Rf8 31. Ne4 Rxd7 32. exd7 Kxd7 33. Be5 Re8 34. Nf6+ Ke6
35. Bxd6 Kxf6 36. Bc5 a6 37. Kf1 Re5 38. Bb4 Ke6 39. Rd8 c5 40. Bc3 Nd4 41. Bxd4
cxd4 42. Re8+ Kf5 43. Rxe5+ Kxe5 44. Ke2 Kd6 45. b4 1-0

[Event "AUTO-INT-3955"]
[Site "http://www.queenalice.com/game.php?id=1867014"]
[Date "2025.12.13"]
[Round "1"]
[White "zmanomega"]
[Black "Ricktado"]
[Result "1-0"]
[WhiteElo "1668"]
[BlackElo "1569"]

1. e4 d5 2. Nc3 dxe4 3. Nxe4 f5 4. Ng3 f4 5. Ne4 e5 6. d3 Nc6 7. c3 Bf5 8. Qa4
Bxe4 9. dxe4 a6 10. Qc4 Nge7 11. Nf3 b5 12. Qb3 Na5 13. Qc2 Nec6 14. Bd3 b4 15.
O-O bxc3 16. Qxc3 Bb4 17. Qc2 Nd4 18. Qa4+ Ndc6 19. Qc2 h6 20. Rd1 O-O 21. Bc4+
Kh8 22. Rxd8 Rfxd8 23. Bd5 Rd6 24. Nxe5 Nxe5 25. Bxf4 Re8 26. Qxc7 1-0

[Event "AUTO-INT-3955"]
[Site "http://www.queenalice.com/game.php?id=1867015"]
[Date "2025.12.13"]
[Round "1"]
[White "Ricktado"]
[Black "zmanomega"]
[Result "0-1"]
[WhiteElo "1557"]
[BlackElo "1680"]

1. e4 e5 2. f3 d6 3. Nc3 c6 4. d4 exd4 5. Qxd4 f6 6. Bc4 Nh6 7. Nge2 f5 8. Nf4
c5 9. Qd5 Nc6 10. exf5 Bxf5 11. g4 Bxc2 12. g5 Kd7 13. Qe6+ Kc7 14. gxh6 Nd4 15.
hxg7 Bxg7 16. Qf7+ Kb8 17. Qxg7 a6 18. Ne6 Nxe6 19. Bxe6 Ka7 20. Kd2 Bg6 21. h4
Qa5 22. Kd1 Rhe8 23. Re1 Rad8 24. Bd2 Qb6 0-1

[Event "AUTO-INT-3955"]
[Site "http://www.queenalice.com/game.php?id=1867042"]
[Date "2025.12.13"]
[Round "1"]
[White "Ricktado"]
[Black "Quanah4"]
[Result "0-1"]
[WhiteElo "1535"]
[BlackElo "1692"]

1. e4 c5 2. d4 cxd4 3. Qxd4 Nf6 4. e5 Nc6 5. Qc5 e6 6. Qc4 Nxe5 7. Qh4 Be7 8.
Qg5 Ng6 9. Nc3 O-O 10. Qd2 d5 11. Nh3 h6 12. Bd3 Ne5 13. f3 Nxd3+ 14. Qxd3 e5
15. Nb5 Bxh3 16. gxh3 a6 17. Nc3 d4 18. Ne4 Nd5 19. a3 Nf4 0-1

[Event "AUTO-INT-3955"]
[Site "http://www.queenalice.com/game.php?id=1867043"]
[Date "2025.12.13"]
[Round "1"]
[White "Quanah4"]
[Black "Ricktado"]
[Result "1-0"]
[WhiteElo "1681"]
[BlackElo "1546"]

1. c4 c5 2. g3 Nf6 3. Bg2 e6 4. e3 d5 5. cxd5 Nxd5 6. Nc3 Nc6 7. Nge2 Ncb4 8. d4
cxd4 9. Nxd4 Nxc3 10. bxc3 e5 11. Ne2 Nd3+ 12. Kf1 Bf5 13. e4 Bxe4 14. Bxe4 Nc5
15. Qxd8+ Rxd8 16. Bc2 g6 17. Kg2 f5 18. Rd1 Rxd1 19. Bxd1 1-0